Państwa po stolicy #1 - Statystyki

Ogólne statystyki
  • Ten quiz został rozwiązany 52 razy
  • Średni wynik to 14 z 15
Statystyki odpowiedzi
Hint Odpowiedź % Poprawnych
Berlin Niemcy
100%
Oslo Norwegia
100%
Warszawa Polska
100%
Sztokholm Szwecja
98%
Kijów Ukraina
98%
Tokio Japonia
95%
Waszyngton Stany Zjednoczone
95%
Buenos Aires Argentyna
93%
Meksyk Meksyk
93%
Pekin Chiny
91%
Kair Egipt
86%
Ottawa Kanada
84%
Seul Korea Południowa
84%
Tunis Tunezja
74%
Lima Peru
72%
Nie znaleziono quizów pasujących do podanych kryteriów
Rozkład punktacji
Procent ludzi z każdym wynikiem
Percentyl według liczby udzielonych odpowiedzi
Twoja historia wyników
Nie rozwiązałeś tego quizu